[Event "AUTO-OPEN-917"]
[Site "http://www.queenalice.com/game.php?id=311119"]
[Date "2007.11.27"]
[Round "1"]
[White "Tomaz_Tainan"]
[Black "Matrick"]
[Result "1/2-1/2"]
[WhiteElo "2059"]
[BlackElo "2132"]

1. c4 e5 2. Nc3 Nc6 3. g3 Nf6 4. Bg2 Bb4 5. d3 O-O 6. Bd2 d6 7. Nf3 Re8 8. a3
Bxc3 9. Bxc3 e4 10. dxe4 Nxe4 11. Qc1 Bf5 12. O-O Nxc3 13. Qxc3 Rxe2 14. Rfe1
Rc2 15. Qb3 Na5 16. Qa4 Nxc4 17. Nd4 Nb6 18. Qb3 Rc5 19. Bxb7 Rb8 20. Nc6 Rxc6
21. Bxc6 Be6 22. Qc2 d5 23. Rad1 Qd6 24. b4 Nc4 25. b5 Nxa3 26. Qa4 Qc5 27. Ra1
Nxb5 28. Bxb5 Qxb5 29. Qxa7 c5 30. Reb1 Qxb1+ 31. Rxb1 Rxb1+ 1/2-1/2

[Event "AUTO-OPEN-917"]
[Site "http://www.queenalice.com/game.php?id=311140"]
[Date "2007.11.27"]
[Round "1"]
[White "LeoneAraujo"]
[Black "Tomaz_Tainan"]
[Result "0-1"]
[WhiteElo "1419"]
[BlackElo "2060"]

1. e4 c6 2. d4 d5 3. Nd2 dxe4 4. Nxe4 Bf5 5. Ng3 Bg6 6. Nf3 Nd7 7. h4 h6 8. h5
Bh7 9. Bd3 Bxd3 10. Qxd3 Qc7 11. Be3 Ngf6 12. O-O-O e6 13. Kb1 O-O-O 14. Rd2 Bd6
15. Ne4 Nxe4 16. Re2 Nef6 17. Rhe1 Rhe8 18. Qb3 Nxh5 19. Bd2 Nf4 0-1

[Event "AUTO-OPEN-917"]
[Site "http://www.queenalice.com/game.php?id=311141"]
[Date "2007.11.27"]
[Round "1"]
[White "Tomaz_Tainan"]
[Black "LeoneAraujo"]
[Result "1-0"]
[WhiteElo "2058"]
[BlackElo "1421"]

1. c4 Nf6 2. Nf3 g6 3. Nc3 Bg7 4. d3 O-O 5. g3 d5 6. cxd5 Nxd5 7. Bd2 Nc6 8. Bg2
e6 9. O-O b6 10. Rc1 Bb7 11. Qb3 Na5 12. Qc2 c5 13. a3 Rb8 14. Rb1 c4 15. dxc4
Nxc4 16. Rfd1 Nxd2 17. Rxd2 Qe7 18. Rbd1 Nxc3 19. bxc3 1-0

[Event "AUTO-OPEN-917"]
[Site "http://www.queenalice.com/game.php?id=311152"]
[Date "2007.11.27"]
[Round "1"]
[White "Cartucho"]
[Black "Tomaz_Tainan"]
[Result "1-0"]
[WhiteElo "1806"]
[BlackElo "2105"]

1. c4 Nf6 2. Nc3 c5 3. e4 Nc6 4. d3 d6 5. h3 g6 6. Be3 Bg7 7. Qd2 O-O 8. Bh6 Nd4
9. Nf3 Nc2+ 10. Qxc2 Bxh6 11. Be2 Bd7 12. O-O Rb8 13. a4 a6 14. Rab1 b5 15. axb5
axb5 16. Nxb5 Bxb5 17. cxb5 Rxb5 18. d4 Ra5 19. dxc5 Rxc5 20. Qa4 Qb6 21. b4 Rc7
22. b5 Rfc8 23. Qa6 Qxa6 24. bxa6 Nxe4 25. Rb7 Nc5 26. Rxc7 Rxc7 27. Ra1 Ra7 28.
Ra2 Ne4 29. Nd4 1-0

[Event "AUTO-OPEN-917"]
[Site "http://www.queenalice.com/game.php?id=311153"]
[Date "2007.11.27"]
[Round "1"]
[White "Tomaz_Tainan"]
[Black "Cartucho"]
[Result "1-0"]
[WhiteElo "2033"]
[BlackElo "1806"]

1. c4 c5 2. Nf3 Nc6 3. d4 cxd4 4. Nxd4 Nxd4 5. Qxd4 e6 6. Nc3 Nf6 7. g3 Be7 8.
Bg2 O-O 9. O-O d6 10. e4 e5 11. Qd3 Be6 12. b3 Qd7 13. Rd1 Bg4 14. f3 Bh5 15.
Ba3 Rfd8 16. Nb5 a6 17. Nxd6 Qc6 18. c5 b6 19. Rac1 bxc5 20. Bxc5 Qd7 21. Qe2
Rac8 22. Nxc8 Bxc5+ 23. Kh1 Bd4 24. Qxa6 Nxe4 25. fxe4 Bxd1 26. Rxd1 Qxc8 27.
Qe2 Qc3 28. Rf1 Be3 29. Rf3 Qc1+ 30. Rf1 1-0

[Event "AUTO-MASTER-423"]
[Site "http://www.queenalice.com/game.php?id=311946"]
[Date "2007.11.28"]
[Round "1"]
[White "Dollar"]
[Black "Tomaz_Tainan"]
[Result "0-1"]
[WhiteElo "1681"]
[BlackElo "2066"]

1. c4 Nf6 2. Nc3 c5 3. Nf3 d5 4. cxd5 Nxd5 5. Nxd5 Qxd5 6. g3 Nc6 7. Bg2 e5 8.
O-O Be7 9. e4 Qxe4 10. Re1 Qf5 11. d3 O-O 12. Qb3 Rd8 13. Re4 Rb8 14. Be3 Be6
15. Qd1 c4 16. Nh4 Qf6 17. d4 exd4 18. Bf4 Bd6 19. Bxd6 Rxd6 20. Rf4 Qd8 21.
Bxc6 bxc6 22. Nf3 Rxb2 23. a4 d3 24. Nd2 c3 25. Ne4 c2 26. Qc1 d2 0-1

[Event "AUTO-MASTER-423"]
[Site "http://www.queenalice.com/game.php?id=311947"]
[Date "2007.11.28"]
[Round "1"]
[White "Tomaz_Tainan"]
[Black "Dollar"]
[Result "1-0"]
[WhiteElo "2064"]
[BlackElo "1683"]

1. c4 g6 2. Nc3 d6 3. g3 Bg7 4. Bg2 Nf6 5. Nf3 O-O 6. O-O c6 7. d3 Be6 8. Ng5
Nbd7 9. e4 Ne5 10. Nxe6 fxe6 11. f4 Nf7 12. Be3 a6 13. Na4 Nd7 14. Rb1 b5 15.
Nc3 bxc4 16. dxc4 Nc5 17. e5 Nh6 18. Bxc5 dxc5 19. Bxc6 Qxd1 20. Rbxd1 Rab8 21.
b3 Nf5 22. Rd3 Rbd8 23. Rfd1 Nd4 24. Bg2 Rd7 25. Ne4 Rfd8 26. Kf2 Rc7 27. b4
Rcc8 28. Nxc5 1-0

[Event "AUTO-MASTER-423"]
[Site "http://www.queenalice.com/game.php?id=311966"]
[Date "2007.11.28"]
[Round "1"]
[White "Tomaz_Tainan"]
[Black "CampbellMarcel"]
[Result "1-0"]
[WhiteElo "2069"]
[BlackElo "1573"]

1. c4 e5 2. Nc3 Nf6 3. g3 Bc5 4. Bg2 O-O 5. Nf3 d6 6. d3 Ng4 7. O-O Nxf2 8. Rxf2
Bxf2+ 9. Kxf2 Nd7 10. Be3 b6 11. Nxe5 Qf6+ 12. Kg1 Qxe5 13. Bf4 Qc5+ 14. d4 Qxc4
15. Bxa8 Ba6 16. Bg2 Re8 17. e4 Nf6 18. Rc1 Qe6 19. Qa4 Bd3 20. Re1 Qg4 21. e5
dxe5 22. dxe5 b5 23. Nxb5 Bxb5 24. Qxb5 a6 25. Qc6 1-0

[Event "AUTO-MASTER-423"]
[Site "http://www.queenalice.com/game.php?id=311967"]
[Date "2007.11.28"]
[Round "1"]
[White "CampbellMarcel"]
[Black "Tomaz_Tainan"]
[Result "0-1"]
[WhiteElo "1879"]
[BlackElo "2023"]

1. e4 c6 2. d4 d5 3. e5 Bf5 4. g4 Bg6 5. h4 h6 6. f4 e6 7. h5 Bh7 8. Nd2 Nd7 9.
Nb3 Qb6 10. Nf3 c5 11. dxc5 Bxc5 12. Nxc5 Qxc5 13. Bd3 Bxd3 14. Qxd3 Ne7 15. b3
Rc8 16. Rh2 Nc6 17. Be3 Qa5+ 18. Bd2 Nb4 19. Kd1 Nxd3 20. Bxa5 Nxf4 21. g5 hxg5
22. Nxg5 Rxh5 23. Rxh5 Nxh5 24. Nf3 b6 25. Bd2 Nc5 26. Rc1 Ne4 27. Ke2 Nhg3+ 28.
Ke1 Nxd2 29. Kxd2 Ne4+ 30. Ke1 Rc3 31. Nd4 Re3+ 32. Ne2 Nc3 0-1

[Event "Fischer vs Bronstein board 9"]
[Site "http://www.queenalice.com/game.php?id=320061"]
[Date "2007.12.14"]
[Round "-"]
[White "mikaio"]
[Black "Tomaz_Tainan"]
[Result "1-0"]
[WhiteElo "1945"]
[BlackElo "2076"]

1. e4 c6 2. Nf3 d5 3. exd5 cxd5 4. d4 Nc6 5. Bb5 Nf6 6. O-O Bg4 7. Bg5 e6 8. Qd3
Be7 9. Ne5 Qc7 10. Bxf6 Bxf6 11. Nxg4 Be7 12. Ne5 O-O 13. Bxc6 bxc6 14. Nd2 c5
15. c3 Rab8 16. b3 Rfc8 17. Qf3 Bd6 18. Rfe1 cxd4 19. cxd4 Rb7 20. g3 Qb6 21.
Rac1 Rxc1 22. Rxc1 Qxd4 23. Rc8+ Bf8 24. Ndc4 dxc4 25. Qxb7 Qxe5 26. Qe7 Qe1+
27. Kg2 Qe4+ 28. f3 Qc2+ 29. Kh3 Qf5+ 30. Kh4 Qf6+ 31. Qxf6 gxf6 32. bxc4 Kg7
33. c5 f5 34. c6 Bd6 35. Ra8 1-0

[Event "AUTO-MASTER-303"]
[Site "http://www.queenalice.com/game.php?id=325146"]
[Date "2007.12.24"]
[Round "2"]
[White "Tomaz_Tainan"]
[Black "Catalin"]
[Result "1/2-1/2"]
[WhiteElo "2068"]
[BlackElo "2157"]

1. c4 e5 2. Nc3 c6 3. d4 Bb4 4. dxe5 Bxc3+ 5. bxc3 Ne7 6. Ba3 b6 7. Bd6 c5 8. e4
O-O 9. Qh5 Re8 10. f4 Ng6 11. g3 Nc6 12. Nf3 f6 13. Bh3 Ba6 14. Bf1 Na5 15. Nd2
fxe5 16. fxe5 Nxe5 17. Bxe5 g6 18. Qf3 Rxe5 19. Bd3 Qg5 20. O-O Qxd2 21. Qf7+
Kh8 22. Qf6+ Kg8 23. Qf7+ 1/2-1/2

[Event "AUTO-MASTER-303"]
[Site "http://www.queenalice.com/game.php?id=325147"]
[Date "2007.12.24"]
[Round "2"]
[White "Catalin"]
[Black "Tomaz_Tainan"]
[Result "1-0"]
[WhiteElo "2153"]
[BlackElo "2079"]

1. e4 c6 2. d4 d5 3. e5 Bf5 4. Nf3 e6 5. Be2 c5 6. O-O Nc6 7. c3 Qb6 8. dxc5
Bxc5 9. b4 Be7 10. Bf4 Rc8 11. Qa4 a6 12. Nd4 Bg6 13. Nd2 Nh6 14. Bxh6 gxh6 15.
N2f3 Rg8 16. Rac1 Be4 17. g3 h5 18. Nxc6 Qxc6 19. Qxc6+ Rxc6 20. Nd4 Rc8 21.
Bxh5 Bd3 22. Rfe1 Bg5 23. Rcd1 Bg6 24. Bxg6 hxg6 25. Rd3 Kd7 26. Rf3 Ke7 27. Rb1
b5 28. Rb3 Bc1 29. Rd3 Rc4 30. f4 g5 31. Ne2 Bxf4 32. gxf4 gxf4+ 33. Kf2 Rg4 34.
Ra3 Rh4 35. h3 Re4 36. Nd4 Kd7 37. Rxa6 Rxe5 38. Ra7+ Ke8 39. Nxb5 f5 40. Nd6+
Kf8 41. b5 1-0

[Event "Master and Elite"]
[Site "http://www.queenalice.com/game.php?id=384078"]
[Date "2008.4.8"]
[Round "3"]
[White "Francisco"]
[Black "Tomaz_Tainan"]
[Result "1/2-1/2"]
[WhiteElo "2236"]
[BlackElo "2065"]

1. d4 Nf6 2. Nf3 e6 3. Bg5 h6 4. Bxf6 Qxf6 5. e4 Qg6 6. Nbd2 d5 7. e5 f5 8. exf6
gxf6 9. Bd3 Qh5 10. Qe2 Bd7 11. O-O-O Nc6 12. c3 O-O-O 13. Rhe1 Bd6 1/2-1/2

[Event "AUTO-MASTER-423"]
[Site "http://www.queenalice.com/game.php?id=392582"]
[Date "2008.4.24"]
[Round "2"]
[White "Tomaz_Tainan"]
[Black "enzoiazo"]
[Result "0-1"]
[WhiteElo "2078"]
[BlackElo "2101"]

1. c4 Nf6 2. Nf3 d6 3. Nc3 Nbd7 4. g3 c6 5. e4 Qc7 6. d4 e5 7. Bg2 Be7 8. O-O
O-O 9. d5 c5 10. b3 a6 11. Qe2 Re8 12. Bb2 Rb8 13. Rfe1 Nf8 14. Nh4 Ng6 15. Nxg6
hxg6 16. a4 Nh7 17. a5 f5 18. f4 Bf6 19. exf5 Bxf5 20. Qd2 exf4 21. Qxf4 Rxe1+
22. Rxe1 Qxa5 0-1

[Event "AUTO-MASTER-423"]
[Site "http://www.queenalice.com/game.php?id=392583"]
[Date "2008.4.24"]
[Round "2"]
[White "enzoiazo"]
[Black "Tomaz_Tainan"]
[Result "1-0"]
[WhiteElo "2147"]
[BlackElo "2063"]

1. d4 Nf6 2. Nf3 e6 3. e3 b6 4. Bd3 Bb7 5. O-O d6 6. Nbd2 Nbd7 7. e4 e5 8. c3
Be7 9. Qe2 O-O 10. a4 Re8 11. a5 exd4 12. cxd4 c5 13. a6 Bc8 14. d5 Nf8 15. Rb1
Ng6 16. Bb5 Bd7 17. b4 Rb8 18. Re1 Qc7 19. Bb2 Bxb5 20. Qxb5 Ne5 21. Nxe5 dxe5
22. Nc4 Bd6 23. Qc6 Rbd8 24. f4 1-0